LEADER 05555nam 22007575 450 001 996492065303316 005 20221104170750.0 010 $a90-485-5390-3 024 7 $a10.1515/9789048553907 035 $a(CKB)5840000000072356 035 $a(DE-B1597)624329 035 $a(DE-B1597)9789048553907 035 $a(NjHacI)995840000000072356 035 $a(MiAaPQ)EBC30406540 035 $a(Au-PeEL)EBL30406540 035 $a(OCoLC)1298165226 035 $a(EXLCZ)995840000000072356 100 $a20221004h20222022 fg 101 0 $aeng 135 $aur||#|||||||| 181 $ctxt$2rdacontent 182 $cc$2rdamedia 183 $acr$2rdacarrier 200 00$aContesting Cosmopolitan Europe $eEuroscepticism, Crisis and Borders /$fed. by Umut Korkut, James Foley 205 $a1st ed. 210 1$aAmsterdam :$cAmsterdam University Press,$d[2022] 210 4$d©2022 215 $a1 online resource (210 p.) 225 0 $aProtest and Social Movements ;$v25 300 $aIncludes index. 327 $tFrontmatter --$tTable of Contents --$tIntroduction --$t1 ?The Never-Ending Crisis?. Europeanisation of Crisis Management and the Contestation of Solidarity --$t2 A Meta-View Psychology of Legal Categories. Rights, Identity, and Inclusiveness in Europe --$t3 Towards a Political Theory of Brexit. Sovereignty, Cosmopolitanism and Member State Theory --$t4 Responsibility to Protect European Identity. How Do Orbán and Erdo?an Expand Europe?s Boundaries of International Protection? --$t5 Revising Humanitarianism and Solidarity . Migration Management and Peripheral Europeanism in the UK, Poland, and Hungary --$t6 ?Leave a Light on for Scotland? . Examining Cosmopolitan Nationalism in Scotland --$t7 Flexible Redefinitions of ?Us? and the ?Others? . Refugee Politics in the Convergences of Multiple ?Crises? in the EU and Greece --$t8 The Cognitions Underpinning Online Discrimination, Derogatory Sarcasm , and Anti-cosmopolitanism towards Syrians at Europe?s Periphery --$t9 Two Sides of the Same Coin . Post-?Refugee Crisis? Debates on Migration and European Integration in Austrian Party Politics --$tConclusion --$tIndex --$tProtest and Social Movements 330 $aThe project of European integration has undergone a succession of shocks, beginning with the Eurozone crisis, followed by reactions to the sudden growth of irregular migration, and, most recently, the Coronavirus pandemic. These shocks have politicised questions related to the governance of borders and markets that for decades had been beyond the realm of contestation. For some time, these questions have been spilling over into domestic and European electoral politics, with the rise of ?populist? and Eurosceptic parties. Increasingly, however, the crises have begun to reshape the liberal narrative that have been central to the European project. This book charts the rise of contestation over the meaning of ?Europe?, particularly in light of the Coronavirus crisis and Brexit. Drawing together cutting edge, interdisciplinary scholarship from across the continent, it questions not merely the traditional conflict between European and nationalist politics, but the impact of contestation on the assumed ?cosmopolitan? values of Europe. 410 0$aProtest and social movements ;$vVolume 25. 606 $3(DE-588)4033203-2$3(DE-627)106258494$3(DE-576)209000600$aKrise$2gnd 606 $3(DE-588)4055225-1$3(DE-627)104213140$3(DE-576)209112794$aSkeptizismus$2gnd 606 $3(DE-588)4130793-8$3(DE-627)105699837$3(DE-576)209621990$aGrenze$2gnd 606 $aPOLITICAL SCIENCE / Political Ideologies / Nationalism & Patriotism$2bisacsh 610 $aEuropeanisation, crisis, Euroscepticism, populism, governance. 615 7$aKrise 615 7$aSkeptizismus 615 7$aGrenze 615 7$aPOLITICAL SCIENCE / Political Ideologies / Nationalism & Patriotism. 676 $a341.2422 702 $aJørgensen$b Martin Bak$f1973-$4ctb$4https://id.loc.gov/vocabulary/relators/ctb 702 $aBasbugoglu$b Tarik$4ctb$4https://id.loc.gov/vocabulary/relators/ctb 702 $aFoley$b James$4ctb$4https://id.loc.gov/vocabulary/relators/ctb 702 $aFoley$b James$4edt$4http://id.loc.gov/vocabulary/relators/edt 702 $aGyollai$b Daniel$4ctb$4https://id.loc.gov/vocabulary/relators/ctb 702 $aHoare$b George$4ctb$4https://id.loc.gov/vocabulary/relators/ctb 702 $aIanosev$b Bogdan$4ctb$4https://id.loc.gov/vocabulary/relators/ctb 702 $aJosipovic$b Ivan$4ctb$4https://id.loc.gov/vocabulary/relators/ctb 702 $aKorkut$b Umut$4ctb$4https://id.loc.gov/vocabulary/relators/ctb 702 $aKorkut$b Umut$4edt$4http://id.loc.gov/vocabulary/relators/edt 702 $aNicolson$b Marcus$4ctb$4https://id.loc.gov/vocabulary/relators/ctb 702 $aPapatzani$b Evangelia$4ctb$4https://id.loc.gov/vocabulary/relators/ctb 702 $aPetracou$b Electra$4ctb$4https://id.loc.gov/vocabulary/relators/ctb 702 $aReeger$b Ursula$f1965-$4ctb$4https://id.loc.gov/vocabulary/relators/ctb 702 $aSmieszek$b Magdalena$4ctb$4https://id.loc.gov/vocabulary/relators/ctb 702 $aSzalanska$b Justyna$4ctb$4https://id.loc.gov/vocabulary/relators/ctb 702 $aÖzdüzen$b Özge$4ctb$4https://id.loc.gov/vocabulary/relators/ctb 801 0$bDE-B1597 801 1$bDE-B1597 906 $aBOOK 912 $a996492065303316 996 $aContesting Cosmopolitan Europe$92950936 997 $aUNISA LEADER 02409nam 2200373 450 001 9910445559903321 005 20231215131722.0 010 $a1-5044-7293-4 024 7 $a10.1109/IEEESTD.2021.9381772 035 $a(CKB)5590000000440555 035 $a(NjHacI)995590000000440555 035 $a(EXLCZ)995590000000440555 100 $a20231215d2021 uy 0 101 0 $aeng 135 $aur||||||||||| 181 $ctxt$2rdacontent 182 $cc$2rdamedia 183 $acr$2rdacarrier 200 10$a2030.102.1-2020 - IEEE standard for interoperability of internet protocol security (IPsec) utilized within utility control systems /$fIEEE 210 1$a[Place of publication not identified] :$cIEEE,$d2021. 215 $a1 online resource 330 $aSpecific configuration requirements within the relevant Internet Engineering Task Force (IETF) Request for Comments (RFC) for implementation of the Internet Protocol Security (IPsec) protocol suite within a utility control system are identified in this standard. It is not intended to be a comprehensive guide to implementing IPsec. Promoting interoperability between products developed by different vendors is the primary goal in developing this standard. Configuration parameters needed to support the establishment and sustained operation of an IPsec Virtual Private Network (VPN) tunnel between two devices which have implemented IPsec conforming to this standard are the focus of this standard. Minimizing configuration errors involving IPsec implementations within utility control systems is a secondary goal of this standard. Product agnosticism and applicability to any device (e.g., router, substation gateway, intelligent electronic device, etc.) is the intent of this standard, within the utility control system as the end user deems necessary for their unique system architecture. 517 $a2030.102.1-2020 - IEEE Standard for Interoperability of Internet Protocol Security 606 $aExtranets (Computer networks) 606 $aComputer security 615 0$aExtranets (Computer networks) 615 0$aComputer security. 676 $a004.6 801 0$bNjHacI 801 1$bNjHacl 906 $aDOCUMENT 912 $a9910445559903321 996 $a2030.102.1-2020 - IEEE Standard for Interoperability of Internet Protocol Security (IPsec) Utilized within Utility Control Systems$92584949 997 $aUNINA